000 00452 a2200157 4500
040 _aDLC
_bDLC
082 _a001.510973
100 _aDeFleur, Melvin L.
245 _aUnderstanding mass communication
_cMelvin L.DeFleur,
250 _a4th ed.
260 _aIslamabad :
_bNational Book Foundation.
_c1991.
300 _axiv, 637 p. :
_bill. ;
_c26 cm.
500 _aIncludes Index
650 _aMass media--United States.
942 _cBK
_k001.510973 DEF
_2ddc
999 _c5001
_d5001